| 000 | 00529nam a22001457a 4500 | ||
|---|---|---|---|
| 005 | 20250212104337.0 | ||
| 008 | 250212b |||||||| |||| 00| 0 eng d | ||
| 082 |
_22023 _aUT |
||
| 100 |
_aNidar, Angela Gabrielle _965101 |
||
| 245 |
_a"Wattymania": Wattpad readears' perspective on wattpad's role in their lives / _cAngela Gabrielle Nidar |
||
| 260 |
_aDigos City : _bUMDC, _c©January 2023. |
||
| 300 |
_aviii, 66 pages : _billustration (some colors) ; _c29 cm. |
||
| 500 | _aIncludes references and appendices. | ||
| 942 |
_2ddc _cUT |
||
| 999 |
_c23394 _d23394 |
||